• 首页
  • 本馆介绍
  • 公告通知
  • 最新文献
  • 馆藏检索
  • 电子资源
  • 读者导购
  • 参考咨询
  • 我的图书馆
  • 登录
  • 详细信息显示
  • 放入我的书架
  • 预约/预借图书
  • 作者相关作品
  • 分类相关作品
  • 丛书相关作品
  • 出版社相关作品

书目信息

  • 表格格式
  • 工作单格式
  • 卡片格式
题名:
粉体加工与标准化
    
 
作者: 杨玉芬 , 盖国胜 编著
分册:  
出版信息: 北京   清华大学出版社  2015.11
页数: 251页
开本: 21cm
丛书名:
单 册:
中图分类: TB44
科图分类:
主题词: 粉末法
电子资源:
ISBN: 978-7-302-40097-4
000 00831nam0 2200241 450
001 1144
005 20180927140321.08
010    @a978-7-302-40097-4@dCNY40.00
100    @a20151101d2015 em y0chiy50 ea
101 0  @achi
102    @aCN@b110000
105    @aa z 000yy
200 1  @a粉体加工与标准化@9fen ti jia gong yu biao zhun hua@f杨玉芬,盖国胜编著
210    @a北京@c清华大学出版社@d2015.11
215    @a251页@c图@d21cm
300    @a先进粉体技术
330    @a本书详细介绍了国内外粉体加工技术标准的发展现状,特别介绍了我国粉体技术标准研制、粉体标准样品制备等信息,给出了推进这一领域的标准化工作和提升粉体制备技术水平的发展路径。
606 0  @a粉末法
690    @aTB44@v5
701  0 @a杨玉芬@9yang yu fen@4编著
701  0 @a盖国胜@9gai guo sheng@4编著
801  0 @aCN@b91MARC@c20151101
905    @aMuseLib@dTB44@e442
    
    粉体加工与标准化/杨玉芬,盖国胜编著.-北京:清华大学出版社,2015.11
    251页:图;21cm
    先进粉体技术
    
    ISBN 978-7-302-40097-4:CNY40.00
    本书详细介绍了国内外粉体加工技术标准的发展现状,特别介绍了我国粉体技术标准研制、粉体标准样品制备等信息,给出了推进这一领域的标准化工作和提升粉体制备技术水平的发展路径。
●
相关链接 在E读中查询图书 在五车中查询图书 在当当中查询图书 在豆瓣中查询图书


正题名:粉体加工与标准化     索取号:TB44/442         预约/预借

序号 登录号 条形码 馆藏地/架位号 状态 备注
1 1121379   211213792   第二样本阅览室/ [索取号:TB44/442] 在馆    
2 1121380   211213809   第三借阅区/ [索取号:TB44/442] 在馆    
3 1121381   211213818   第三借阅区/ [索取号:TB44/442] 在馆    
4 1121382   211213827   第三借阅区/ [索取号:TB44/442] 在馆    
5 1121383   211213836   化学系资料室/ [索取号:TB44/442] 在馆    
唐山师范学院图书馆 欢迎您!
大连网信软件有限公司© 版权所有